000 00490nam a2200193Ia 4500
005 20240823041720.0
008 240823s9999||||xx |||||||||||||| ||und||
020 _a978-81-8094-093-4
041 _aENGLISH
082 _A001.96 Q1
100 _a"Thurston,Edgar"
245 0 _aMens and Superstitions of Southern India
250 _a1st
260 _c2011
_b"MJP Publishers,Ch"
_aChennai
500 _aTransfered
650 _aSouthern India
_bEnglish
942 _cBK
999 _c206161
_d206161